[Event "Tourn. n7909"]
[Site "www.chess-mail.com"]
[Date "2015.01.17"]
[Round "1"]
[White "Szustan"]
[Black "Senitram"]
[WhiteElo "2590"]
[BlackElo "2550"]
[Result "1/2-1/2"]
[Round "1"]
1.e4 c5
2.c3 Ng8f6
3.e5 Nf6d5
4.d4 cxd4
5.Ng1f3 d6
6.cxd4 dxe5
7.dxe5 Nb8c6
8.Bf1e2 g6
9.O-O Bc8e6
10.Nf3g5 Bf8g7
11.Ng5xe6 fxe6
12.Be2g4 Bg7xe5
13.Nb1d2 h5
14.Bg4xe6 Be5xh2
15.Kh1 Bh2c7
16.Nd2f3 Nd5f4
17.Bc1xf4 Qd8xd1
18.Ra1xd1 Bc7xf4
19.g3 Bf4d6
20.Kg2 Kf8
21.Nf3g5 Kg7
22.f4 h4
23.Ng5f7 hxg3
24.Nf7xd6 exd6
25.Rd1xd6 Ra8d8
26.Rf1d1 Rd8xd6
27.Rd1xd6 Rh8h2
28.Kxg3 Rh2xb2
29.Be6b3 Rb2e2
{ draw }
1/2-1/2

[Event "Tourn. n7993"]
[Site "www.chess-mail.com"]
[Date "2015.01.17"]
[Round "1"]
[White "Osopanda"]
[Black "Faerieking"]
[WhiteElo "2020"]
[BlackElo "2190"]
[Result "1-0"]
[Round "1"]
1.c4 Ng8f6
2.Nb1c3 e6
3.d4 Bf8b4
4.f3 d5
5.e3 c5
6.a3 Bb4xc3
7.bxc3 Qd8a5
8.Bc1d2 O-O
9.cxd5 exd5
10.Bf1d3 c4
11.Bd3c2 Rf8e8
12.Ng1e2 Nb8c6
13.O-O Qa5c7
14.Bd2e1 Re8xe3
15.Ne2g3 Re3e7
16.Be1d2 h6
17.Qd1c1 h5
18.Bd2g5 Re7e6
19.Rf1e1 { resign }
1-0

[Event "Tourn. n7859"]
[Site "www.chess-mail.com"]
[Date "2015.01.17"]
[Round "1"]
[White "Morse"]
[Black "Xkafi"]
[WhiteElo "2200"]
[BlackElo "2010"]
[Result "1-0"]
[Round "1"]
1.Ng1f3 e6
2.g3 Bf8c5
3.d4 Bc5b6
4.c4 h6
5.Bc1d2 Nb8c6
6.Bd2c3 a6
7.Bf1g2 d5
8.Nb1d2 Ng8f6
9.c5 Bb6a7
10.O-O b6
11.b4 Nf6e4
12.Qd1c2 Ne4xc3
13.Qc2xc3 Qd8f6
14.Nd2b3 Bc8d7
15.a4 O-O
16.b5 axb5
17.axb5 Nc6e7
18.c6 Bd7c8
19.Ra1a2 Ne7f5
20.Rf1a1 Nf5d6
21.Qc3b4 Nd6c4
22.Ra2xa7 Ra8xa7
23.Ra1xa7 Qf6d8
24.Ra7a8 f6
25.Bg2h3 g5
26.Bh3xe6 { resign }
1-0

[Event "Tourn. n7767"]
[Site "www.chess-mail.com"]
[Date "2015.01.17"]
[Round "1"]
[White "Wegaman"]
[Black "Picifarkinca"]
[WhiteElo "1970"]
[BlackElo "1799"]
[Result "0-1"]
[Round "1"]
1.d4 Ng8f6
2.c4 e6
3.Nb1c3 Bf8b4
4.Qd1c2 d5
5.Bc1g5 O-O
6.e3 Nb8d7
7.Ng1f3 c6
8.Bf1e2 h6
9.Bg5h4 Qd8e8
10.O-O Bb4xc3
11.bxc3 Nf6e4
12.Be2d3 f5
13.cxd5 exd5
14.Nf3d2 Nd7f6
15.f3 Ne4d6
16.Bh4g3 Qe8xe3
17.Kh1 Nd6e8
18.Ra1e1 Qe3g5
19.c4 Nf6h5
20.Bg3f2 Nh5f4
21.g3 Nf4xd3
22.Qc2xd3 Ne8f6
23.Bf2e3 Qg5g6
24.cxd5 Nf6xd5
25.Be3f2 Bc8d7
26.Nd2c4 Qg6f6
27.Nc4e5 Bd7e8
28.Qd3c4 Be8f7
29.Ne5xf7 Qf6xf7
30.Qc4b3 Rf8e8
31.Re1b1 Nd5b6
32.Qb3b2 Qf7d5
33.Bf2g1 Re8e7
34.Qb2c2 Ra8e8
35.Qc2b3 Qd5xb3
36.axb3 Nb6d5
37.b4 a6
38.Bg1f2 Re7e2
39.Kg1 Re2a2
40.Kh1 Re8e2
41.Kg1 Nd5c3
42.Rb1b3 Nc3b5
43.d5 cxd5
44.Rb3d3 d4
45.g4 f4
46.h4 g5
47.hxg5 hxg5
{ resign }
0-1

[Event "Tourn. n7861"]
[Site "www.chess-mail.com"]
[Date "2015.01.17"]
[Round "1"]
[White "Anja"]
[Black "Vite"]
[WhiteElo "1800"]
[BlackElo "2010"]
[Result "0-1"]
[Round "1"]
1.e4 c6
2.d4 d5
3.exd5 cxd5
4.c4 Ng8f6
5.Nb1c3 Nb8c6
6.Ng1f3 Bc8g4
7.Bc1e3 e6
8.c5 Bf8e7
9.Bf1e2 O-O
10.h3 Bg4h5
11.O-O Bh5g6
12.Nf3h4 Bg6e4
13.f3 Be4g6
14.Nh4xg6 hxg6
15.a3 Ra8c8
16.b4 a6
17.Nc3a4 Nf6d7
18.Na4b2 Be7f6
19.Qd1d2 Nc6e7
20.Be3g5 Bf6xg5
21.f4 Bg5h6
22.g4 Nd7f6
23.Be2d3 Ne7c6
24.g5 Nc6xd4
25.Qd2f2 Nd4f5
26.Bd3xf5 gxf5
27.gxh6 gxh6
28.Qf2h4 Kh7
29.Kh2 Nf6e4
30.Qh4h5 Qd8f6
31.Rf1g1 Rf8g8
32.Nb2d3 Rg8xg1
33.Ra1xg1 Rc8g8
34.Rg1xg8 Kxg8
35.Nd3e5 Qf6g7
36.Qh5f3 f6
37.Ne5d3 Kf7
38.a4 Ke7
39.b5 axb5
40.axb5 Kd7
41.Qf3e3 h5
42.Nd3b4 h4
43.c6 Kc7
44.Qe3a7 Qg7g3
{ resign }
0-1

[Event "Tourn. n7874"]
[Site "www.chess-mail.com"]
[Date "2015.01.17"]
[Round "1"]
[White "Naujzaid"]
[Black "Obisporey"]
[WhiteElo "2200"]
[BlackElo "2410"]
[Result "0-1"]
[Round "1"]
1.d4 d5
2.c4 c6
3.Nb1c3 Ng8f6
4.Ng1f3 a6
5.cxd5 cxd5
6.Bc1g5 Nf6e4
7.Bg5d2 Ne4xd2
8.Qd1xd2 Nb8c6
9.e3 g6
10.Bf1d3 Bf8g7
11.O-O O-O
12.a3 Qd8d6
13.b4 e5
14.dxe5 Nc6xe5
15.Nf3xe5 Bg7xe5
16.Ra1d1 Be5xh2
17.Kh1 g5
18.Nc3xd5 Qd6h6
19.Bd3xh7 Kg7
{ resign }
0-1

[Event "Tourn. n8007"]
[Site "www.chess-mail.com"]
[Date "2015.01.17"]
[Round "1"]
[White "Anja"]
[Black "Hundegana"]
[WhiteElo "2030"]
[BlackElo "1920"]
[Result "0-1"]
[Round "1"]
1.d4 d6
2.Bc1f4 Bc8f5
3.c4 Ng8f6
4.Ng1f3 Nb8d7
5.Nb1c3 c6
6.e3 h6
7.Bf1d3 Bf5h7
8.O-O e6
9.Nf3d2 Bh7xd3
{ resign }
0-1

[Event "Tourn. n7866"]
[Site "www.chess-mail.com"]
[Date "2015.01.17"]
[Round "1"]
[White "Generalfree"]
[Black "Anja"]
[WhiteElo "1790"]
[BlackElo "1840"]
[Result "1-0"]
[Round "1"]
1.c4 e5
2.e4 Bf8c5
3.Ng1f3 Nb8c6
4.a3 a5
5.d3 d6
6.h3 f5
7.exf5 Bc8xf5
8.g4 Bf5g6
9.h4 Ng8f6
10.h5 Bg6f7
11.Nf3g5 Qd8d7
12.Ng5xf7 Qd7xf7
13.Bc1e3 Nc6d4
14.Bf1g2 c6
15.Nb1c3 O-O-O
16.Bg2h3 Kc7
17.Nc3a4 Bc5a7
18.Be3xd4 Ba7xd4
19.Qd1d2 Rh8f8
20.O-O-O d5
21.Qd2xa5 Kd6
22.c5 Ke7
23.f3 Rd8a8
24.Qa5c7 Ke8
25.Qc7xf7 Kxf7
26.Na4b6 Ra8d8
27.b4 Nf6d7
28.Nb6xd7 Rd8xd7
29.Kd2 Bd4b2
30.a4 Kg8
31.g5 Rd7e7
32.Kc2 Bb2d4
33.Bh3g2 Bd4e3
34.g6 h6
35.Rh1e1 Be3g5
36.d4 exd4
37.Re1xe7 Bg5xe7
38.Rd1xd4 Be7g5
39.b5 Bg5e3
40.Rd4d3 Be3xc5
41.Rd3c3 Bc5d4
42.Rc3b3 c5
43.a5 Rf8a8
44.a6 bxa6
45.bxa6 Bd4e5
46.f4 { resign }
1-0

[Event "Tourn. n7896"]
[Site "www.chess-mail.com"]
[Date "2015.01.17"]
[Round "1"]
[White "Luban"]
[Black "Xkafi"]
[WhiteElo "2130"]
[BlackElo "2070"]
[Result "0-1"]
[Round "1"]
1.d4 b6
2.c4 Ng8f6
3.Ng1f3 Bc8b7
4.e3 e6
5.a3 Nf6e4
6.Bc1d2 Bf8e7
7.Bf1e2 Be7h4
8.Nf3xh4 Qd8xh4
9.O-O Qh4g5
10.Be2f3 f5
11.Bd2c3 f4
12.exf4 Qg5xf4
13.Bf3xe4 Qf4xe4
14.f3 Qe4g6
15.Nb1d2 Rh8f8
16.Qd1e2 d6
17.Rf1e1 Kd7
18.d5 e5
19.Nd2e4 Nb8a6
20.b4 Rf8f5
21.Ra1d1 Ra8f8
22.c5 bxc5
23.bxc5 Kc8
24.cxd6 cxd6
25.Rd1c1 Kb8
26.Bc3b2 Rf5xf3
27.Kh1 Rf3b3
28.Ne4xd6 Bb7xd5
29.Bb2xe5 Ka8
30.Re1d1 Rb3e3
31.Qe2b2 Re3b3
32.Qb2c2 Qg6e6
33.Be5g3 Rb3xg3
34.hxg3 Qe6xd6
35.Qc2xh7 Qd6e5
36.Qh7d3 Bd5b7
37.Rd1e1 Qe5h5
38.Kg1 Rf8h8
{ resign }
0-1

[Event "Tourn. n7994"]
[Site "www.chess-mail.com"]
[Date "2015.01.17"]
[Round "1"]
[White "Hundegana"]
[Black "Generalfree"]
[WhiteElo "1950"]
[BlackElo "1800"]
[Result "1-0"]
[Round "1"]
1.e4 e5
2.Ng1f3 Nb8c6
3.Bf1b5 Ng8e7
4.Bb5xc6 Ne7xc6
5.O-O b6
6.c3 Bc8b7
7.d3 d6
8.Nb1d2 b5
9.a3 a6
10.Rf1e1 Bf8e7
11.Nd2f1 h6
12.d4 f6
13.d5 Nc6a7
14.Nf3h4 Qd8d7
15.Qd1h5 Kd8
16.Nh4f5 g5
17.Nf5xh6 Kc8
18.Qh5g6 Be7f8
19.Nh6f5 Bf8e7
20.Qg6g7 Rh8e8
21.Re1e3 Be7f8
22.Qg7xf6 Bf8e7
23.Qf6g6 c5
24.Re3h3 Kc7
25.Rh3h7 Na7c8
26.Bc1xg5 Kb6
27.Bg5xe7 Nc8xe7
28.Qg6xd6 { resign }
1-0

[Event "Tourn. n7977"]
[Site "www.chess-mail.com"]
[Date "2015.01.17"]
[Round "1"]
[White "Attatroll"]
[Black "Cardiff"]
[WhiteElo "2080"]
[BlackElo "2110"]
[Result "1/2-1/2"]
[Round "1"]
1.d4 Ng8f6
2.c4 g6
3.g3 d5
4.Bf1g2 c6
5.Ng1f3 Bf8g7
6.Nb1c3 O-O
7.O-O dxc4
8.a4 Bc8g4
9.Bc1f4 Nf6d5
10.Nc3xd5 cxd5
11.Nf3e5 Bg4e6
12.e3 f6
13.Ne5f3 Nb8c6
14.e4 dxe4
15.Nf3d2 Qd8xd4
16.Nd2xe4 Be6d5
17.Qd1xd4 Nc6xd4
18.Ne4xf6 Bg7xf6
19.Bg2xd5 e6
20.Bd5xc4 Kg7
21.Ra1b1 e5
22.Bf4e3 Ra8c8
23.b3 a6
24.Rf1d1 Rf8d8
25.Rb1c1 h6
26.f4 Nd4f5
27.Be3b6 Rd8xd1
28.Rc1xd1 exf4
29.Rd1d7 Kh8
30.gxf4 Rc8e8
31.Rd7xb7 Nf5d6
32.Rb7c7 Nd6xc4
33.Rc7xc4 Re8e1
34.Kf2 Re1b1
35.Bb6d4 Bf6xd4
36.Rc4xd4 Rb1xb3
37.Rd4d6 Rb3b4
38.Rd6xa6 Rb4xf4
39.Kg3 Rf4b4
40.Ra6xg6 Rb4xa4
41.Rg6xh6 Kg7
42.Rh6b6 Ra4a3
43.Kg4 Ra3a4
44.Kf5 { draw }
1/2-1/2

[Event "Tourn. n7968"]
[Site "www.chess-mail.com"]
[Date "2015.01.17"]
[Round "1"]
[White "Caspito"]
[Black "Falcoale"]
[WhiteElo "1850"]
[BlackElo "1890"]
[Result "0-1"]
[Round "1"]
1.e4 c5
2.Bf1c4 e6
3.c3 Nb8c6
4.Ng1f3 a6
5.d4 cxd4
6.cxd4 b5
7.Bc4b3 Bc8b7
8.Bb3c2 Bf8b4
9.Bc1d2 Bb4d6
10.e5 Bd6e7
11.O-O f6
12.Bd2f4 f5
13.a3 b4
14.axb4 Nc6xb4
15.Nb1a3 g5
16.Bf4d2 Nb4xc2
17.Na3xc2 h5
18.Nc2e3 g4
19.Nf3e1 f4
20.Ne3c4 Bb7c6
21.Bd2xf4 Bc6b5
22.b3 Ra8c8
23.Qd1d3 Rc8c6
24.Qd3g6 Kf8
25.Ne1c2 Qd8e8
26.Qg6e4 Qe8f7
27.Nc2e3 Ng8h6
28.Rf1d1 Nh6f5
29.Ra1c1 Rh8g8
30.d5 Nf5xe3
31.Bf4xe3 exd5
32.Qe4d4 dxc4
33.Qd4xd7 Kg7
34.b4 Be7xb4
35.Qd7d4 Kh7
36.Rc1b1 a5
37.Rb1b2 c3
38.Qd4e4 Qf7g6
39.Rd1d7 Rg8g7
40.Qe4xg6 Kxg6
{ resign }
0-1

[Event "Tourn. n7910"]
[Site "www.chess-mail.com"]
[Date "2015.01.17"]
[Round "1"]
[White "Jesmantiz"]
[Black "Sontuozio"]
[WhiteElo "2080"]
[BlackElo "2260"]
[Result "1-0"]
[Round "1"]
1.d4 d5
2.e3 Ng8f6
3.Bf1d3 e6
4.Nb1d2 Bf8d6
5.f4 Nb8c6
6.a3 Bc8d7
7.Ng1f3 Nf6g4
8.Qd1e2 Qd8e7
9.c4 b6
10.b4 Qe7d8
11.c5 Bd6e7
12.b5 Nc6a5
13.c6 Bd7c8
14.O-O h5
15.e4 O-O
16.h3 Ng4f6
17.e5 Nf6h7
18.Bd3c2 g6
19.Qe2f2 a6
20.a4 Be7b4
21.Ra1b1 Bb4xd2
22.Nf3xd2 Kh8
23.Bc1a3 Rf8g8
24.Ba3b4 axb5
25.axb5 Na5xc6
26.bxc6 Bc8a6
27.Rf1e1 Qd8e8
28.Re1c1 Ra8a7
29.Qf2h4 Ba6b5
30.Nd2f3 Bb5xc6
31.Bb4e7 Qe8d7
32.Be7f6 Nh7xf6
33.exf6 Rg8a8
34.Nf3e5 Qd7e8
35.Qh4g5 Kh7
36.Qg5xh5 Kg8
37.Qh5h6 Qe8f8
38.Qh6xf8 Kxf8
39.Ne5xc6 Ra7a2
40.Nc6e5 Ra8a7
41.Bc2d3 Ra2d2
42.Rb1xb6 { resign }
1-0

[Event "Tourn. n7991"]
[Site "www.chess-mail.com"]
[Date "2015.01.17"]
[Round "1"]
[White "Faerieking"]
[Black "Luban"]
[WhiteElo "2140"]
[BlackElo "2120"]
[Result "1/2-1/2"]
[Round "1"]
1.e4 c5
2.Ng1f3 d6
3.d4 cxd4
4.Nf3xd4 Ng8f6
5.Nb1c3 a6
6.Bc1g5 e6
7.f4 Bf8e7
8.Qd1f3 Qd8c7
9.O-O-O Nb8c6
10.Nd4xc6 bxc6
11.g4 Bc8b7
12.Bg5xf6 Be7xf6
13.g5 Bf6xc3
14.Qf3xc3 Rh8g8
15.Kb1 O-O-O
16.Bf1g2 Kb8
17.h4 d5
18.exd5 cxd5
19.Qc3d4 f6
20.Rh1e1 Rd8e8
21.Qd4f2 fxg5
22.hxg5 Rg8f8
23.Qf2h4 g6
24.Re1e5 Re8e7
25.Rd1e1 Rf8e8
26.Qh4f2 Re8f8
27.Qf2d4 Rf8e8
28.Bg2f1 Qc7c6
29.Re1e3 { draw }
1/2-1/2

[Event "Tourn. n7973"]
[Site "www.chess-mail.com"]
[Date "2015.01.17"]
[Round "1"]
[White "Generalfree"]
[Black "Anja"]
[WhiteElo "1880"]
[BlackElo "1990"]
[Result "0-1"]
[Round "1"]
1.e4 Ng8f6
2.e5 Nf6d5
3.c4 Nd5b6
4.a4 a5
5.Nb1c3 d6
6.f4 dxe5
7.fxe5 Nb8c6
8.Ng1f3 Bc8g4
9.Bf1e2 e6
10.d4 Bf8e7
11.h3 Be7h4
12.Nf3xh4 Qd8xh4
13.Kf1 Bg4xe2
14.Qd1xe2 Nc6xd4
15.Qe2g4 Qh4xg4
16.hxg4 Nb6xc4
17.Rh1h5 g6
{ resign }
0-1

[Event "Tourn. n7988"]
[Site "www.chess-mail.com"]
[Date "2015.01.17"]
[Round "1"]
[White "Francesco"]
[Black "Stevo100"]
[WhiteElo "2070"]
[BlackElo "2100"]
[Result "1-0"]
[Round "1"]
1.e4 e6
2.d4 d5
3.exd5 exd5
4.Bf1d3 c5
5.dxc5 Bf8xc5
6.Ng1f3 Ng8f6
7.O-O O-O
8.Rf1e1 Qd8d6
9.Bc1g5 Nb8c6
10.Nb1c3 Bc8g4
11.h3 Bg4xh3
12.gxh3 Qd6g3
13.Kf1 Qg3xh3
14.Ke2 Rf8e8
15.Kd2 Nf6g4
16.Re1h1 Qh3g2
17.Qd1f1 Qg2xf3
18.Bd3xh7 Kf8
19.Bh7e4 Qf3f4
20.Bg5xf4 dxe4
21.Rh1h8 Ke7
22.Nc3d5 Kd7
23.Rh8xe8 Kxe8
24.Nd5c7 { resign }
1-0

[Event "Tourn. n7933"]
[Site "www.chess-mail.com"]
[Date "2015.01.17"]
[Round "1"]
[White "Krasin"]
[Black "Xkafi"]
[WhiteElo "2170"]
[BlackElo "2000"]
[Result "1-0"]
[Round "1"]
1.e4 e5
2.f4 exf4
3.Ng1f3 f6
4.d4 Nb8c6
5.Bc1xf4 a6
6.Nb1c3 Bf8b4
7.Bf1c4 d6
8.O-O Bc8g4
9.Qd1d3 Qd8d7
10.a3 Bb4a5
11.Nc3d5 Ng8e7
12.b4 Ne7xd5
13.Bc4xd5 Ba5b6
14.c3 g5
15.Nf3xg5 fxg5
16.Bf4xg5 Nc6e5
17.Qd3g3 Bg4e6
18.Kh1 Ne5g6
19.Bd5xb7 Ra8a7
20.d5 Ra7xb7
21.dxe6 Qd7xe6
22.Rf1f6 Qe6c4
23.Qg3h3 Ng6e7
24.Ra1f1 c6
25.Qh3f3 Qc4g8
26.Bg5h6 Ne7g6
27.Rf6xd6 Qg8c4
28.Qf3f6 Rb7c7
29.Rd6d8 { resign }
1-0

[Event "Tourn. n7778"]
[Site "www.chess-mail.com"]
[Date "2015.01.17"]
[Round "1"]
[White "Naujzaid"]
[Black "Ochoreales"]
[WhiteElo "1830"]
[BlackElo "1890"]
[Result "0-1"]
[Round "1"]
1.d4 Ng8f6
2.c4 Nb8c6
3.Nb1c3 g6
4.e4 d6
5.Ng1f3 Bf8g7
6.Bf1e2 O-O
7.O-O e5
8.d5 Nc6b4
9.a3 Nb4a6
10.b4 c5
11.b5 Na6c7
12.h3 b6
13.Bc1g5 a6
14.Qd1b3 axb5
15.Nc3xb5 Nc7xb5
16.Qb3xb5 Bc8d7
17.Qb5b3 Qd8b8
18.Be2d3 Bd7a4
19.Qb3b2 Ra8a7
20.Rf1b1 Ra7b7
21.Bd3c2 Ba4xc2
22.Qb2xc2 Qb8a7
23.a4 { time. }
0-1

[Event "Tourn. n7965"]
[Site "www.chess-mail.com"]
[Date "2015.01.17"]
[Round "1"]
[White "Jesmantiz"]
[Black "Osopanda"]
[WhiteElo "2170"]
[BlackElo "2020"]
[Result "1-0"]
[Round "1"]
1.d4 Ng8f6
2.e3 d5
3.Bf1d3 c5
4.c3 Nb8c6
5.f4 g6
6.Nb1d2 cxd4
7.cxd4 Bf8g7
8.Ng1f3 O-O
9.a3 Bc8g4
10.O-O Qd8d6
11.Qd1e1 Ra8c8
12.Nf3e5 Bg4e6
13.Qe1e2 Nf6e4
14.Nd2xe4 dxe4
15.Bd3xe4 Be6d5
16.Be4d3 f6
17.Ne5xc6 bxc6
18.Bc1d2 Rf8e8
19.Bd2b4 Qd6d7
20.f5 e5
21.fxg6 e4
22.gxh7 Kh8
23.Bd3a6 Rc8b8
24.Qe2h5 Bd5f7
25.Qh5h4 Bf7g6
26.Ba6e2 Qd7f7
27.Ra1c1 Re8d8
28.Rc1xc6 Rd8d5
29.Be2c4 Rb8d8
30.Bb4a5 Rd8d7
31.Rc6c8 Bg7f8
32.Rf1xf6 Qf7g7
33.Rf6xf8 { resign }
1-0

[Event "Tourn. n7919"]
[Site "www.chess-mail.com"]
[Date "2015.01.17"]
[Round "1"]
[White "Louis"]
[Black "Blackpool"]
[WhiteElo "1860"]
[BlackElo "1800"]
[Result "0-1"]
[Round "1"]
1.e4 e5
2.d4 exd4
3.Qd1xd4 Nb8c6
4.Qd4e3 Ng8f6
5.Nb1c3 Bf8b4
6.Bc1d2 d6
7.O-O-O Bb4xc3
8.Bd2xc3 Bc8e6
9.Kb1 Qd8e7
10.f3 O-O-O
11.Bf1b5 Kb8
12.Ng1e2 Be6d7
13.Ne2f4 a6
14.Bb5a4 Nc6e5
15.Ba4xd7 Rd8xd7
16.g4 h6
17.h4 Rd7d8
18.h5 Ne5c6
19.Rh1g1 Nc6e5
{ resign }
0-1

[Event "Tourn. n8000"]
[Site "www.chess-mail.com"]
[Date "2015.01.17"]
[Round "1"]
[White "Guidom"]
[Black "Luban"]
[WhiteElo "2060"]
[BlackElo "2180"]
[Result "1-0"]
[Round "1"]
1.e4 c5
2.Ng1f3 d6
3.d4 cxd4
4.Nf3xd4 Ng8f6
5.Bf1d3 Nb8c6
6.c3 Bc8d7
7.O-O e5
8.Nd4e2 Bf8e7
9.Bc1g5 Bd7g4
10.Nb1d2 d5
11.Bg5xf6 Be7xf6
12.f3 Bg4h5
13.Ne2g3 Bh5g6
14.Rf1e1 Qd8b6
15.Kh1 d4
16.Nd2c4 Qb6c7
17.cxd4 Nc6xd4
18.Nc4e3 O-O
19.Ne3d5 Qc7d6
20.Ng3e2 Ra8c8
21.Ne2xd4 exd4
22.Qd1b3 Bf6e5
23.h3 b6
24.Ra1c1 Kh8
25.Bd3a6 Rc8xc1
26.Re1xc1 f5
27.Ba6d3 fxe4
28.Bd3xe4 Bg6xe4
29.fxe4 Qd6g6
30.Qb3f3 Rf8g8
31.Rc1f1 Qg6g3
32.Qf3xg3 Be5xg3
33.Rf1f3 Bg3e5
34.Rf3f5 Be5d6
35.Kg1 h6
36.Kf1 Rg8f8
37.Rf5xf8 Bd6xf8
38.Ke2 Bf8d6
39.Kd3 Bd6e5
40.Nd5e7 { resign }
1-0

[Event "Tourn. n7871"]
[Site "www.chess-mail.com"]
[Date "2015.01.17"]
[Round "1"]
[White "Preacher59"]
[Black "Umzi"]
[WhiteElo "2020"]
[BlackElo "2180"]
[Result "1-0"]
[Round "1"]
1.c4 b6
2.Nb1c3 e5
3.d3 Bc8b7
4.e4 Ng8f6
5.Ng1e2 Bf8e7
6.Bc1g5 O-O
7.f4 d6
8.fxe5 dxe5
9.Ne2g3 Nb8d7
10.Bf1e2 h6
11.Bg5e3 Nf6h7
12.O-O Be7g5
13.Be3f2 Bg5e7
14.Ra1b1 c5
15.a3 Nh7f6
16.Ng3f5 Kh7
17.b4 g6
18.Nf5e3 Qd8c8
19.Nc3d5 Nf6xd5
20.cxd5 f5
21.Ne3c2 f4
22.Be2g4 Qc8d8
23.Bg4e6 Nd7f6
24.bxc5 Bb7a6
25.d6 Be7xd6
26.cxd6 Qd8xd6
27.Be6c4 Ba6xc4
28.dxc4 Qd6xd1
29.Rf1xd1 Nf6xe4
30.Bf2e1 Ra8d8
31.Nc2b4 Ne4c5
32.Nb4c6 Rd8e8
33.Nc6xa7 Rf8f6
34.Be1f2 e4
35.Bf2xc5 bxc5
36.Rb1b7 { resign }
1-0

[Event "Match"]
[Site "www.echecsemail.com"]
[Date "2015.01.17"]
[Round "1"]
[White "Staf"]
[Black "Ikke"]
[WhiteElo "1160"]
[BlackElo "1080"]
[Result "1-0"]
[Round "1"]
1.e4 c6
2.d3 h6
3.b3 Ng8f6
4.Bc1b2 e5
5.g3 d6
6.c4 c5
7.Bf1g2 a6
8.h3 Nb8c6
9.g4 a5
10.Ng1f3 b6
11.a3 Bc8a6
12.Bb2c1 b5
13.g5 Nf6h5
14.Nb1c3 b4
15.axb4 cxb4
16.Nc3d5 g6
17.h4 Nc6e7
18.Nd5f6 Nh5xf6
19.gxf6 Ne7c6
20.d4 exd4
21.e5 g5
22.h5 dxe5
23.Qd1d3 Qd8d7
24.Qd3e4 Nc6e7
25.Qe4xa8 Ba6c8
26.Qa8xa5 Qd7d6
27.Nf3xe5 Qd6xf6
28.Qa5c7 Qf6e6
29.Ra1a4 Ne7f5
30.Bg2c6 Qe6xc6
31.Ne5xc6 f6
32.Qc7xc8 Kf7
33.Nc6e5 fxe5
34.Ra4a7 Nf5e7
35.Qc8c5 Kf6
36.Qc5xb4 Ne7c6
37.Ra7a6 Bf8xb4
38.Bc1d2 Bb4e7
39.Ra6xc6 Kf7
40.Rc6c7 Rh8h7
41.Ke2 e4
42.f3 d3
43.Ke3 Rh7h8
44.Kxe4 Rh8a8
45.Kxd3 Ra8a3
46.Bd2b4 Ra3xb3
47.Bb4c3 Ke6
48.Rh1e1 Kd6
49.Rc7c8 Rb3b7
50.Bc3g7 Kd7
51.Rc8h8 Rb7b3
52.Ke4 Rb3b4
53.Re1d1 Ke6
54.Rh8xh6 Kf7
55.Rh6h7 Rb4xc4
56.Kd3 Rc4c6
57.Rh7h6 Kxg7
58.Rh6xc6 Kf7
59.Rd1e1 Be7f8
60.Re1a1 g4
61.Ra1a7 Ke8
62.Rc6c8 
1-0

[Event "Match"]
[Site "www.echecsemail.com"]
[Date "2015.01.17"]
[Round "1"]
[White "Queensack"]
[Black "Reanna"]
[WhiteElo "1599"]
[BlackElo "1690"]
[Result "1-0"]
[Round "1"]
1.e4 e5
2.Ng1f3 Nb8c6
3.d4 Bf8d6
4.Bf1c4 Qd8f6
5.Bc1g5 Qf6g6
6.O-O Ng8f6
7.Nb1c3 O-O
8.Rf1e1 a6
9.d5 Nc6e7
10.Qd1d2 Nf6g4
11.Nf3h4 Qg6h5
12.h3 Ne7g6
13.hxg4 Qh5xg4
14.Bc4e2 Qg4xg2
15.Kxg2 Ng6f4
16.Bg5xf4 exf4
17.Be2g4 b5
18.e5 Bd6c5
19.Qd2xf4 d6
20.Bg4xc8 Ra8xc8
21.Nh4f5 dxe5
22.Re1xe5 g6
23.Nf5e7 Kg7
24.Ne7xc8 Rf8xc8
25.Nc3e4 Bc5d6
26.Qf4f6 Kg8
27.Ne4xd6 cxd6
28.Re5e7 Rc8f8
29.Ra1e1 a5
30.Re7xf7 Rf8xf7
31.Re1e8 { resign }
1-0

[Event "Match"]
[Site "www.echecsemail.com"]
[Date "2015.01.17"]
[Round "1"]
[White "Nestor"]
[Black "Generalfree"]
[WhiteElo "2100"]
[BlackElo "1800"]
[Result "1-0"]
[Round "1"]
1.e4 e5
2.Nb1c3 Ng8f6
3.Bf1c4 c6
4.d3 b5
5.Bc4b3 d5
6.exd5 Nf6xd5
7.Ng1e2 Bf8b4
8.O-O Nd5xc3
9.bxc3 Bb4a5
10.Ne2g3 Ba5xc3
11.Ng3e4 Bc3xa1
12.Bc1a3 Ba1d4
13.Ne4d6 Kd7
14.Nd6xf7 Qd8e8
15.Ba3d6 h5
16.Qd1f3 Qe8xf7
17.Qf3xf7 Kxd6
18.Rf1e1 Nb8d7
19.Qf7e6 Kc7
20.c3 Bd4xc3
21.Re1c1 b4
22.a3 Nd7c5
23.Qe6e7 Kb6
24.axb4 Bc3xb4
25.Qe7d6 Rh8h6
26.Qd6d8 Kb5
27.Bb3c4 Ka4
28.Qd8e7 Ka3
29.Rc1a1 Kb2
30.Qe7xe5 Kc2
31.Ra1a2 { resign }
1-0

[Event "Match"]
[Site "www.echecsemail.com"]
[Date "2015.01.17"]
[Round "1"]
[White "Caspito"]
[Black "Generalfree"]
[WhiteElo "1840"]
[BlackElo "1840"]
[Result "1-0"]
[Round "1"]
1.e4 e5
2.Ng1f3 Nb8c6
3.Bf1b5 Ng8e7
4.Bb5xc6 Ne7xc6
5.c3 b6
6.O-O f6
7.Nf3h4 g6
8.d4 d5
9.Qd1a4 Bc8d7
10.Qa4b5 Nc6xd4
11.Qb5xd5 Nd4c6
12.b4 a6
13.Nh4f3 Nc6e7
14.Qd5b3 b5
15.Rf1d1 Qd8c8
16.Nb1a3 Qc8b7
17.Qb3c2 O-O-O
18.c4 bxc4
19.Qc2xc4 Bd7b5
20.Qc4e6 Bb5d7
21.Qe6xf6 Rh8g8
22.Nf3xe5 Qb7xb4
23.Ra1b1 Qb4xe4
24.Qf6xa6 { resign }
1-0

[Event "Match"]
[Site "www.echecsemail.com"]
[Date "2015.01.17"]
[Round "1"]
[White "Krazy4chess"]
[Black "Mdesouza"]
[WhiteElo "1970"]
[BlackElo "2060"]
[Result "1-0"]
[Round "1"]
1.e4 c5
2.Ng1f3 Nb8c6
3.d4 cxd4
4.Nf3xd4 e5
5.Nd4b5 d6
6.Nb1c3 a6
7.Nb5a3 Ng8f6
8.Bc1g5 Bf8e7
9.Bg5xf6 Be7xf6
10.Nc3d5 b5
11.Bf1e2 Bc8e6
12.c3 Bf6g5
13.O-O O-O
14.Na3c2 Be6xd5
15.Qd1xd5 Nc6e7
16.Qd5d3 d5
17.Ra1d1 dxe4
18.Qd3xe4 Qd8c7
19.Be2f3 Ra8d8
20.Rf1e1 Rd8xd1
21.Re1xd1 f5
22.Qe4b7 Qc7xb7
23.Bf3xb7 a5
24.g3 Rf8b8
25.Rd1d7 Kf8
26.h4 Bg5f6
27.Bb7g2 Ne7c8
28.Nc2e3 Ke8
29.Rd7d5 g6
30.Bg2f1 Nc8a7
31.Rd5c5 Rb8b7
32.Ne3d5 Bf6d8
33.Bf1g2 e4
34.g4 Bd8xh4
35.gxf5 gxf5
36.Nd5f4 Rb7f7
37.Bg2h3 Bh4g5
38.Nf4e6 e3
39.Ne6xg5 e2
40.Ng5f3 Rf7g7
41.Bh3g2 Rg7e7
42.Nf3e1 b4
43.cxb4 axb4
44.Rc5xf5 Na7c6
45.Bg2xc6 { resign }
1-0

[Event "Match"]
[Site "www.echecsemail.com"]
[Date "2015.01.17"]
[Round "1"]
[White "Pare123"]
[Black "Cardiff"]
[WhiteElo "1960"]
[BlackElo "2120"]
[Result "1-0"]
[Round "1"]
1.c4 g6
2.d4 Bf8g7
3.e4 d6
4.h3 Nb8c6
5.Nb1c3 Nc6xd4
6.Bc1e3 c5
7.Ra1c1 e5
8.Be3xd4 cxd4
9.Nc3d5 Ng8e7
10.Ng1f3 Ne7xd5
11.cxd5 O-O
12.Bf1e2 f5
13.Be2d3 fxe4
14.Bd3xe4 Bc8f5
15.Nf3d2 Ra8c8
16.O-O Qd8d7
17.Be4f3 Rc8xc1
18.Qd1xc1 Rf8c8
19.Qc1a1 Rc8c2
20.Nd2b3 e4
21.Bf3d1 Rc2c5
22.Nb3xc5 dxc5
23.Bd1b3 b5
24.a4 c4
25.Bb3d1 Qd7xd5
26.axb5 Qd5xb5
27.g4 Bf5e6
28.Rf1e1 e3
29.fxe3 dxe3
30.Qa1xa7 h6
31.Qa7xe3 Be6f7
32.b3 c3
33.Bd1c2 Qb5d7
34.Re1d1 Qd7c7
35.Rd1d3 g5
36.Qe3e4 Qc7a7
37.Kg2 Qa7b6
38.Qe4a8 Kh7
39.Rd3d6 { resign }
1-0

[Event "Match"]
[Site "www.echecsemail.com"]
[Date "2015.01.17"]
[Round "1"]
[White "Orkman"]
[Black "Saidgermany"]
[WhiteElo "2170"]
[BlackElo "1809"]
[Result "0-1"]
[Round "1"]
1.e4 c5
2.Ng1f3 Nb8c6
3.d4 cxd4
4.Nf3xd4 Ng8f6
5.Nb1c3 d6
6.Bc1g5 a6
7.Qd1d2 Qd8c7
8.O-O-O b5
9.Bg5xf6 gxf6
10.Nc3d5 Qc7b7
11.Bf1xb5 axb5
12.Nd4xb5 Ra8xa2
13.Nd5c7 Kd8
14.Kb1 Ra2a4
15.Rh1e1 Bc8d7
16.Qd2c3 Ra4a5
17.Rd1d5 Rh8g8
18.g3 Rg8g6
19.Nb5xd6 exd6
20.Rd5xa5 Nc6xa5
21.Qc3xa5 Qb7xc7
22.Qa5a8 Qc7c8
23.Qa8a5 Ke8
24.Re1e3 Rg6g5
25.Qa5a7 Rg5c5
{ resign }
0-1

[Event "Match"]
[Site "www.echecsemail.com"]
[Date "2015.01.17"]
[Round "1"]
[White "Comrade"]
[Black "Juodivarnai"]
[WhiteElo "2160"]
[BlackElo "2100"]
[Result "0-1"]
[Round "1"]
1.c4 e5
2.Nb1c3 Nb8c6
3.Ng1f3 Ng8f6
4.d3 d6
5.g3 g6
6.Bc1g5 Bf8e7
7.Bf1g2 O-O
8.O-O Kg7
9.Rf1e1 h6
10.Bg5d2 Bc8e6
11.e3 d5
12.cxd5 Nf6xd5
13.a3 Nd5xc3
14.Bd2xc3 f6
15.Qd1c2 Qd8d7
16.Ra1d1 Be6g4
17.d4 exd4
18.Nf3h4 f5
19.Bc3xd4 { time. }
0-1

[Event "Match"]
[Site "www.echecsemail.com"]
[Date "2015.01.17"]
[Round "1"]
[White "Rindrandria"]
[Black "Ranjachess"]
[WhiteElo "1540"]
[BlackElo "1530"]
[Result "1-0"]
[Round "1"]
1.d3 d6
2.Bc1e3 e5
3.h3 f5
4.f4 Qd8h4
5.Be3f2 Qh4xf4
6.e3 Qf4b4
7.Nb1c3 Qb4xb2
8.Ng1e2 d5
9.a4 Bf8b4
10.Qd1b1 Bb4xc3
11.Ne2xc3 Qb2xc3
12.Kd1 b6
13.Bf2e1 Qc3c5
14.Be1d2 d4
15.e4 f4
16.Bd2b4 Qc5c6
17.Ra1a3 a5
18.Bb4e1 Bc8a6
19.c3 Qc6f6
20.Qb1b3 Nb8d7
21.Qb3d5 c6
22.Qd5b3 Ng8e7
23.cxd4 exd4
24.g4 Nd7c5
25.Qb3xb6 O-O
26.Qb6xc5 Rf8b8
27.g5 Qf6e6
28.Qc5xd4 Rb8b1
29.Ke2 Ra8b8
30.Be1c3 Ne7d5
31.Qd4xg7 
1-0

[Event "Match"]
[Site "www.echecsemail.com"]
[Date "2015.01.17"]
[Round "1"]
[White "Luzhin"]
[Black "Razorboy"]
[WhiteElo "2290"]
[BlackElo "1770"]
[Result "0-1"]
[Round "1"]
1.e4 e5
2.Ng1f3 Nb8c6
3.Bf1c4 Bf8c5
4.O-O Ng8f6
5.d3 d6
6.c3 Bc8g4
7.h3 Bg4xf3
8.Qd1xf3 a5
9.a4 g6
10.Bc1g5 Nc6e7
11.Bg5xf6 O-O
12.Bf6g5 Qd8e8
13.Qf3f6 Ne7f5
14.exf5 Qe8d8
15.Bc4xf7 Rf8xf7
16.Qf6xd8 Ra8xd8
17.Bg5xd8 h6
18.fxg6 Rf7g7
19.Nb1d2 Rg7xg6
20.Bd8xc7 Kf7
21.Nd2e4 Ke6
22.Ne4xc5 dxc5
23.Bc7xa5 h5
24.Rf1e1 Kf5
25.Ba5c7 h4
26.Re1xe5 Kf6
27.Re5xc5 Ke6
{ resign }
0-1